| 000 | 00553nam a2200193Ia 4500 | ||
|---|---|---|---|
| 001 | 19785 | ||
| 003 | GE_BSU | ||
| 008 | 181216s||||||||xx |||||||||||||| ||und|| | ||
| 040 | _cGE_BSU | ||
| 245 | _aПсихология обучения, №12 Декабрь, 2016. | ||
| 245 | _cГл. ред. Т. Н. Березина и др. | ||
| 260 | _aМосква | ||
| 260 | _c2016 | ||
| 300 | _a124стр. 24см. | ||
| 653 | _aПериодика | ||
| 653 | _aПсихология обучения | ||
| 653 | _aპერიოდიკა | ||
| 942 | _cCR | ||
| 999 |
_c52757 _d52757 |
||